000 00915nam a2200337 a 4500
001 vtls000047010
003 NLI
005 20210601185435.0
008 101125s1986 enk 000 p eng
020 _a0233978380
_c$ 9.95
039 9 _y201011250431
_zVLOAD
040 0 _aNLI
_beng
_cVERGIS-2003
041 0 _aeng
044 _aenk
082 0 4 _a821.91
100 1 _aHill, Geoffrey
_9116400
245 1 0 _aCollected poems/
_cGeoffrey Hill
260 _aLondon:
_bAndre Deutsch,
_c1986
300 _a207 p.;
_c22 cm.
650 0 _aEnglish poetry
_y20th century
_9117738
887 _aUmarani
901 _a492706
_b02/12/1986
902 _aE 821.91 H 552
903 _a29/05/2004
904 _aUmarani
906 _a048872
949 _AVIRTUAITEM
_D10000
_F1
_X100
_6PUR000492706ENG
_aE 821.91 H552
942 _2ddc
_cBKS
999 _aVIRTUA
_c51175
_d51175
999 _aVTLSSORT0200*9010*9020*9060*9490*9991